Automation: a report (Record no. 423070)

000 -LEADER
fixed length control field 00384cam a22001097a 4500
008 - FIXED-LENGTH DATA ELEMENTS--GENERAL INFORMATION
fixed length control field 180718b1956 xxu||||| |||| 00| 0 eng d
082 ## - DEWEY DECIMAL CLASSIFICATION NUMBER
Classification number T253 Un3
245 ## - TITLE STATEMENT
Title Automation: a report
Statement of responsibility, etc. by Department of Scientific and Industrial Research, U.K.
260 ## - PUBLICATION, DISTRIBUTION, ETC.
Place of publication, distribution, etc. London
Name of publisher, distributor, etc. Her Majesty's Stationery Office
Date of publication, distribution, etc. 1956
300 ## - PHYSICAL DESCRIPTION
Extent 106+p
700 ## - ADDED ENTRY--PERSONAL NAME
Personal name U.K. Department of Scientific and Industrial Research
Holdings
Withdrawn status Lost status Damaged status Not for loan Permanent Location Current Location Date acquired Full call number Barcode Date last seen Price effective from Koha item type
        Indian Institute of Public Administration Indian Institute of Public Administration 2009-08-31 T253 Un3 3484 2018-07-21 2018-07-21 Book

Powered by Koha